Focus Expo (Record no. 106041)

MARC details
000 -LEADER
fixed length control field 00940cab a2200241 4500
001 - CONTROL NUMBER
control field ##L135396
008 - FIXED-LENGTH DATA ELEMENTS--GENERAL INFORMATION
fixed length control field 060926n2006 000 0 eng u
035 ## - SYSTEM CONTROL NUMBER
System control number (Sirsi) u135396
041 0# - LANGUAGE CODE
Language code of text/sound track or separate title eng
100 1# - MAIN ENTRY--PERSONAL NAME
Personal name Meadwell, Stacey
245 00 - TITLE STATEMENT
Title Focus Expo
Remainder of title Central and Eastern Europe
260 ## - PUBLICATION, DISTRIBUTION, ETC.
Date of publication, distribution, etc. 2006
490 #0 - SERIES STATEMENT
Series statement Estates Gazette
Volume/sequential designation (0641) 14 October 2006, 91-113(13)
520 ## - SUMMARY, ETC.
Summary, etc. Looks at: EXPO Real 2006 which is set to be the biggest in the property fair's history; investors targeting Romania and Bulgaria in the run-up to their accession to the EU and property market investment in Germany which has huge gains to offer from its relatively cheap real estate.
590 ## - LOCAL NOTE (RLIN)
Local note IKA311006
651 #4 - SUBJECT ADDED ENTRY--GEOGRAPHIC NAME
Geographic name CENTRAL EUROPE
651 #4 - SUBJECT ADDED ENTRY--GEOGRAPHIC NAME
Geographic name EASTERN EUROPE
690 ## - LOCAL SUBJECT ADDED ENTRY--TOPICAL TERM (OCLC, RLIN)
Topical term or geographic name as entry element PROPERTY-COMMERCIAL PROPERTY-COMMERCIAL PROPERTY MARKET
700 1# - ADDED ENTRY--PERSONAL NAME
Personal name Moore, Charlotte
700 1# - ADDED ENTRY--PERSONAL NAME
Personal name Greenshields, Claire
700 1# - ADDED ENTRY--PERSONAL NAME
Personal name Lazarus, Darren
942 ## - ADDED ENTRY ELEMENTS (KOHA)
Suppress in OPAC 0
Holdings
Withdrawn status Lost status Source of classification or shelving scheme Damaged status Not for loan Home library Current library Shelving location Date acquired Total Checkouts Full call number Barcode Date last seen Copy number Price effective from Koha item type
    Dewey Decimal Classification     London London Books 23/10/2006   L135396 135396-1001 06/08/2019 1 06/08/2019 Book